Our mutual friend

Novela que relata la historia de un testamento y heredero perdido que tras no poder reclamar la herencia, el matrimonio Boffin se convierten en los nuevos herederos y donde nuevos personajes son conectados a ellos como al misterio que dejó la muerte del heredero perdido.

Salvato in:
Dettagli Bibliografici
Autore principale: Dickens, Charles
Natura: Libro
Lingua:Undetermined
Pubblicazione: Londres, Inglaterra Oxford University Press 1952
Soggetti:
Tags: Aggiungi Tag
Nessun Tag, puoi essere il primo ad aggiungerne!!

MARC

LEADER 00000nam a2200000Ia 4500
008 170316s9999 xx 000 0 und d
040 |a cru BVZT 
090 |a 820 D-5o 
100 |a Dickens, Charles 
245 |a Our mutual friend 
260 |a Londres, Inglaterra 
260 |b Oxford University Press 
260 |c 1952 
300 |a 822 páginas 
520 |a Novela que relata la historia de un testamento y heredero perdido que tras no poder reclamar la herencia, el matrimonio Boffin se convierten en los nuevos herederos y donde nuevos personajes son conectados a ellos como al misterio que dejó la muerte del heredero perdido. 
650 |a LITERATURA INGLESA  |9 12 
999 |c 6866  |d 6866 
942 |c 15 D  |h 820 D-5o  |2 z